000 00929nam0a22002411 4500
001 rc\2785508
005 20250529165010.0
035 _a(NLR Aleph) 006911705
090 _a7354042
_c7354042
100 _a20110915d1935 |||y0rusy50 ca
101 0 _arus
102 _aRU
105 _ac z |||h|
200 1 _aНаши успехи и очередные задачи
_eРечь на VII съезде советов СССР 2 февр. 1935 г.
_fВ. Я. Чубарь
210 _a[Москва]
_cПартиздат
_d1935
_gф-ка книги "Кр. пролетарий"
215 _aОбл., 21, [2] с.
_cпортр.
_d19х13 см.
700 1 _7ca
_8rus
_aЧубарь
_bВ. Я.
_cгос. и парт. деятель
_f1891-1939
_gВлас Яковлевич
_9210114
_3RU\NLR\AUTH\770210168
801 0 _aRU
_bNLR
_gpsbo
801 1 _aRU
_bELAR
_2rusmarc
852 _aNLR
_j34-9/6668
942 _cBOOK
980 _aNB